000 01208nam a2200277 a 4500
001 BRCA_8989
005 20190320210501.0
008 180717s2017----mx-a######---#000-0#spa-#
020 _a9788494603464
041 _aspa
044 _amx
050 4 _aN6555.5.M63
_b.M49 2017
245 1 0 _aMéxico 1900-1950
_bDiego Rivera, Frida Kahlo, José Clemente Orozco y las vanguardias
_ceditado por Agustín Arteaga ; con ensayos de Agustín Arteaga [et al.] ; con textos de Claudia Barragán Arellano [et al.] ; y con una cronología de Sharon Jazzán Dayán.
260 _aCiudad de México
_bInstituto Nacional de Bellas Artes/Museo Nacional de Arte ; Dallas, TX : Dallas Museum of Art
_c2017
500 _aIncluye cronología y biografías
504 _aBibliografía : p. 355-358
600 1 4 _aRivera, Diego
_d1886-1957
_91330
600 1 4 _aKahlo, Frida
_d1907-1954
_94922
600 1 4 _aOrozco, José Clemente
_d1883-1949
_99279
650 1 4 _aArte mexicano
_vExposiciones
_ySiglo XX
_92618
650 1 4 _aModernismo (Arte)
_vExposiciones
_zMéxico
_921826
700 1 _aArteaga, Agustín
_eed.
_95499
700 1 _aBarragán Arellano, Claudia
_922309
700 1 _aJazzán Dayán, Sharon
_922310
942 _2lcc
_cB
999 _c8640
_d8640